| 000 | 00752nam a2200253 i 4500 | ||
|---|---|---|---|
| 001 | bg | ||
| 100 | 1 | _aWÓJCIK, Wiesław | |
| 245 | 1 | 0 |
_aGeometria wykreślna. _nCz. 1, _pWykład / _cWiesław Wójcik, Wacław Nastaj ; Politechnika Lubelska. |
| 250 | _a[Wyd. 3 uaktual.]. | ||
| 260 |
_aLublin : _bWydawnictwa Uczelniane PL, _c1998. |
||
| 300 |
_a198, [1] s. : _brys. ; _c24 cm. |
||
| 504 | _aBibliogr. s. [199]. | ||
| 650 | 9 | _aGeometria wykreślna | |
| 655 | _aPodręczniki akademickie | ||
| 700 | 1 | _aNASTAJ, Wacław | |
| 710 | 0 | _aPOLITECHNIKA LUBELSKA (Lublin) | |
| 020 | _a8387270121 | ||
| 040 | _cBPK | ||
| 041 | 0 | _apl | |
| 080 | _a514.18(075.8) | ||
| 920 | _a83-87270-12-1 | ||
| 942 | _cKS | ||
| 008 | s pl f |000 0 pol | ||
| 999 |
_c32914 _d32914 |
||
| 856 |
_uhttp://koha.tu.koszalin.pl/cgi-bin/koha/opac-detail.pl?biblionumber=32914 _yKatalog online BPK |
||